000 00861nam a22002537a 4500
001 BR0704724
003 BR-BrBNA
005 20230928102527.0
007 ta
008 230509b bl.||||| |||| 00| 0 por d
040 _aBR-BrBNA
_bpor
_cBiblioteca Nacional de Agricultura
041 _a(Por)
072 _aD10
090 _ D10 BR0704724
100 1 _aPimentel, H.
110 1 _aDepartamento Nacional da Produção Vegetal, Rio de Janeiro, GB (Brasil)
_93233
245 1 _aSugestões para reduzir as principais dificuldades que entravam os trabalhos da Divisão de Fomento da Produção Vegetal do Ministério da Agricultura
260 3 _aRio de Janeiro, GB (Brasil):
_c[nd].
300 _a38 p.
500 _aDocumento microfilmado e tratado BR7314006
650 _aADMINISTRAÇÃO PÚBLICA
909 _a202309
_bLucia
_c55
_dLucia Elande
942 _cBK
999 _c71217
_d71217